Signes astrologiques par indices (5) - Statistiques

Statistiques générales
  • Ce quiz a été pris 328 fois
  • Le résultat moyen est 10 sur 12
Statistiques - réponses
Hint Réponse % Correct
Anagramme de "loin" Lion
92%
Synonyme de « jeter » si on change sa première lettre Cancer
91%
Elle ne quitte jamais sa ceinture de chasteté Vierge
91%
Henry Miller parle de son tropique dans un livre Capricorne
89%
Il peut porter des pantalons à pinces Scorpion
88%
Non mais quelle moucharde ! Balance
87%
Il n'est pas châtré Bélier
86%
Il peut naître le jour de la saint urbain (bon courage) Sagittaire
86%
Il est né sous ce signe d’après un film avec Jean Gabin Taureau
85%
Il porte toujours un x à sa dernière lettre Gémeaux
84%
Il a 3 anagrammes Verseau
80%
Il peut se mettre en arête maladie Poissons
66%
Aucun quiz correspondant
Distribution des résultats
% des personnes avec chaque résultat
Percentile par nombre de réponses
Votre historique - résultats
Vous n’avez pas pris ce quiz